| 000 | 00319nam a22001337a 4500 | ||
|---|---|---|---|
| 020 | _qPH. | ||
| 040 | _cFIZZA ISHAQ | ||
| 082 |
_a005.133 _bMET |
||
| 100 |
_aBROWN, METOS. _985044 |
||
| 245 |
_aDATA MINING FOR DUMMIES / _cMETOS BROWN. |
||
| 260 |
_aCANADA : _bJHON WELIY SON, _c2014 |
||
| 300 | _a382 | ||
| 942 |
_2ddc _cBK |
||
| 999 |
_c586868 _d586868 |
||